Nakresli si zvířátko : jednoduchý návod krok za krokem /

Hlavní autor: Hart, Christopher, 1957-
Jazyk: Čeština
Vydáno: Praha : CooBoo, 2010
Vydání: 1. vyd.
Témata:
Fyzický popis: 120 s. : il. ; 31 cm
Knihy
Uloženo v:
LEADER 01769nam a2200517 a 4500
001 nkc20102145872
003 CZ PrNK
005 20101209084733.0
007 ta
008 101112s2010 xr a b f 000 0 cze
015 |a cnb002145872 
020 |a 978-80-7447-011-0  |q (brož.) 
035 |a (OCoLC)693938808 
040 |a ABA001  |b cze 
041 1 |a cze  |h eng 
072 7 |a 74  |x Kresba. Umělecká řemesla  |2 Konspekt  |9 21 
072 7 |a 0/9-053.2  |x Literatura pro děti a mládež (naučná)  |2 Konspekt  |9 26 
080 |a 741  |2 MRF 
080 |a 741.02  |2 MRF 
080 |a 592/599  |2 MRF 
080 |a 636.1/.9  |2 MRF 
080 |a (035)  |2 MRF 
080 |a (0.053.2)  |2 MRF 
100 1 |a Hart, Christopher,  |d 1957-  |7 jx20060225018  |4 aut  |4 ill 
245 1 0 |a Nakresli si zvířátko :  |b jednoduchý návod krok za krokem /  |c Christopher Hart ; [z anglického originálu ... přeložila Jindra Horynová] 
250 |a 1. vyd. 
260 |a Praha :  |b CooBoo,  |c 2010 
300 |a 120 s. :  |b il. ;  |c 31 cm 
521 8 |a Pro děti od 6 let 
650 0 7 |a kreslení  |7 ph121945  |2 czenas 
650 0 7 |a kreslířské techniky  |7 ph135189  |2 czenas 
650 0 7 |a zvířata  |7 ph116793  |2 czenas 
650 0 9 |a drawing  |2 eczenas 
650 0 9 |a drawing techniques  |2 eczenas 
650 0 9 |a animals  |2 eczenas 
655 7 |a příručky  |7 fd133209  |2 czenas 
655 7 |a publikace pro děti  |7 fd133156  |2 czenas 
655 9 |a handbooks and manuals  |2 eczenas 
655 9 |a children's literature  |2 eczenas 
765 0 |t You can draw cartoon animals  |9 Česky 
910 2 |a BOA001  |b 4-1252.206 
928 9 |a Albatros Media - CooBoo 
990 |a BK 
995 |a 01 
991 |b 201011  |c NOV  |e dn 
996 6 |b 2610453043  |c 4-1252.206  |l MZK  |r Sklad / do 1 hodiny  |n 1  |p p.v.  |w 001155548  |u 000010  |a 1  |e BOA001  |j MZK50  |s P